Indian journal of clinical biochemistry : (Record no. 88372)

MARC details
000 -LEADER
fixed length control field 00748nas a22002297a 4500
005 - DATE AND TIME OF LATEST TRANSACTION
control field 20230523121719.0
006 - FIXED-LENGTH DATA ELEMENTS--ADDITIONAL MATERIAL CHARACTERISTICS--GENERAL INFORMATION
fixed length control field a|||||r|||| 00| 0
007 - PHYSICAL DESCRIPTION FIXED FIELD--GENERAL INFORMATION
fixed length control field ta
008 - FIXED-LENGTH DATA ELEMENTS--GENERAL INFORMATION
fixed length control field 140905b xxu||||| |||| 00| 0 eng d
022 ## - INTERNATIONAL STANDARD SERIAL NUMBER
International Standard Serial Number 0970-1915
022 ## - INTERNATIONAL STANDARD SERIAL NUMBER
International Standard Serial Number 0974-0422 (Electonic)
245 ## - TITLE STATEMENT
Title Indian journal of clinical biochemistry :
260 ## - PUBLICATION, DISTRIBUTION, ETC. (IMPRINT)
Place of publication, distribution, etc Mumbai :
Name of publisher, distributor, etc Association of Clinical Biochemists of India
Date of publication, distribution, etc 2014-
260 ## - PUBLICATION, DISTRIBUTION, ETC. (IMPRINT)
Place of publication, distribution, etc New Delhi
Name of publisher, distributor, etc Spinger India
300 ## - PHYSICAL DESCRIPTION
Extent v.
Dimensions 24 cm (Pbk)
310 ## - CURRENT PUBLICATION FREQUENCY
Current publication frequency quarterly
362 ## - DATES OF PUBLICATION AND/OR SEQUENTIAL DESIGNATION
Dates of publication and/or sequential designation vol 3 No 1 March 2014
650 ## - SUBJECT ADDED ENTRY--TOPICAL TERM
Topical term or geographic name as entry element Clinical biochemistry
856 ## - ELECTRONIC LOCATION AND ACCESS
Uniform Resource Identifier <a href="www.springer.com/12593">www.springer.com/12593</a>
270 ## - ADDRESS
Address East Boring Canal Road
City Patna
Postal code 800001
Telephone number 91-612-2521496/2531212
Electronic mail address kpsacbi@yahoo.co.in / pat_drkps@dataone.in.
942 ## - ADDED ENTRY ELEMENTS (KOHA)
Source of classification or shelving scheme Dewey Decimal Classification
Item type Periodicals
Serial record 1
Holdings
Withdrawn status Lost status Source of classification or shelving scheme Damaged status Not for loan Collection code Home library Current library Date acquired Total Checkouts Date last seen Price effective from Koha item type
    Dewey Decimal Classification   Not For Loan Non-fiction D.B.Act.Division D.B.Act.Division 05/09/2014   05/09/2014 05/09/2014 Periodicals

© Delhi Public Library
Hit Counter
free hit counter